000 01198 a2200253 4500
001 48785
005 20260407155754.0
008 260407a1973 arg spa d
003 AR-UNSa-BCEJYS
040 _aAR-UNSa-BCEJYS
_bspa
_cAR-UNSa-BCEJYS
080 _a334.726
_xEmpresas multinacionales
245 1 0 _aEmpresa multinacionales
264 1 _aBuenos Aires :
_bCuenca Ediciones
_c1973
300 _a262 p.
_c20 cm.
505 _a1. Introducción al estudio de las empresas multinacionales / Arturo Enrique Sampay - 2. Monopolios, empresas multinacionales y la extranjerización de la sociedad y del Estado en Argentina / Carlos M. Vilas - 3. El Derecho Internacional contemporáneo y las empresas multinacionales / Carlos Cohen - 4. Tecnología, patentes y empresa multinacionales / Héctor Masnatta - 5. Monopolios y política criminal / Enrique Bacigalupo - 6. Las empresas multinacionales ante el Derecho Público -
942 _cBK
590 _aniveau_biblio:m niveau_hierar:0
100 1 _aSampay, Arturo Enrique
700 1 _aVilas, Carlos María
700 1 _aCohen, Carlos
700 1 _aMasnatta, Héctor
700 1 _aBacigalupo, Enrique
700 1 _aLozada, Salvador María
999 _c4722
_d4722